Statistiken für Tour de France 2023

Klicken Sie hier um das Quiz zu spielen!

Allgemein

  • Dieses Quiz wurde 237 mal gespielt
  • Das Durchschnittsergebnis liegt bei 58 aus 176

Antwortstatistiken

Team#FahrerLand% Korrekt
Jumbo-Visma1Jonas Vingegaard
97%
UAE Team Emirates11Tadej Pogačar
94%
Jumbo-Visma4Sepp Kuss
93%
Jumbo-Visma6Wout Van Aert
88%
UAE Team Emirates19Adam Yates
84%
Team Jayco AlUla161Simon Yates
84%
BORA - hansgrohe72Emanuel Buchmann
79%
BORA - hansgrohe71Jai Hindley
79%
Alpecin-Deceuninck106Jasper Philipsen
78%
Cofidis123Simon Geschke
78%
Alpecin-Deceuninck101Mathieu Van Der Poel
75%
BORA - hansgrohe77Nils Politt
71%
INEOS Grenadiers21Egan Bernal
68%
TotalEnergies211Peter Sagan
63%
UAE Team Emirates16Rafał Majka
63%
Intermarché - Circus - Wanty118Georg Zimmermann
60%
Bahrain - Victorious64Phil Bauhuas
60%
Groupama - FDJ37Thibaut Pinot
60%
INEOS Grenadiers27Carlos Rodríguez
59%
Jumbo-Visma5Christophe Laporte
57%
Groupama - FDJ31David Gaudu
57%
Lotto Dstny181Caleb Ewan
56%
AG2R Citroën Team95Felix Gall
56%
Bahrain - Victorious62Mikel Landa
56%
UAE Team Emirates14Felix Großschartner
54%
Cofidis121Guillaume Martin
54%
Soudal - Quick Step51Julian Alaphilippe
54%
INEOS Grenadiers24Michał Kwiatkowski
54%
Jumbo-Visma2Tiesj Benoot
54%
Astana Qazaqstan Team191Mark Cavendish
53%
Team dsm - firmenich141Romain Bardet
53%
Jumbo-Visma3Wilco Kelderman
53%
Lidl - Trek81Giulio Ciccone
51%
Lidl - Trek86Mads Pedersen
51%
UAE Team Emirates17Marc Soler
51%
Israel - Premier Tech151Michael Woods
51%
Bahrain - Victorious65Pello Bilbao
51%
EF Education-EasyPost41Richard Carapaz
51%
Soudal - Quick Step56Fabio Jakobsen
50%
INEOS Grenadiers26Thomas Pidcock
50%
Team dsm - firmenich142John Degenkolb
49%
EF Education-EasyPost46Neilson Powless
49%
Intermarché - Circus - Wanty111Binian Girmay
47%
Jumbo-Visma7Dylan Van Baarle
47%
Bahrain - Victorious63Nikias Arndt
47%
Groupama - FDJ33Stefan Küng
47%
BORA - hansgrohe74Bob Jungels
46%
Movistar Team131Enric Mas
46%
UAE Team Emirates18Matteo Trentin
46%
Intermarché - Circus - Wanty114Louis Meintjes
44%
Bahrain - Victorious67Matej Mohorič
43%
BORA - hansgrohe75Patrick Konrad
43%
Bahrain - Victorious68Wout Poels
43%
AG2R Citroën Team91Ben O'Connor
41%
UAE Team Emirates12Mikkel Bjerg
41%
Team Arkéa Samsic171Warren Barguil
41%
EF Education-EasyPost42Andrey Amador
38%
INEOS Grenadiers25Daniel Felipe Martínez
38%
Jumbo-Visma8Nathan Van Hooydonck
38%
EF Education-EasyPost48Rigoberto Urán
38%
Cofidis125Victor Lafay
38%
Uno-X Pro Cycling Team201Alexander Kristoff
37%
Astana Qazaqstan Team195Alexey Lutsenko
37%
BORA - hansgrohe76Jordi Meeus
37%
Soudal - Quick Step52Kasper Asgreen
35%
EF Education-EasyPost45Magnus Cort
35%
Movistar Team135Matteo Jorgenson
35%
Team Jayco AlUla164Dylan Groenewegen
34%
Movistar Team134Gorka Izagirre
34%
Cofidis124Ion Izagirre
34%
Lidl - Trek87Quinn Simmons
34%
UAE Team Emirates15Vegard Stake Laengen
34%
Movistar Team136Gregor Mühlberger
32%
BORA - hansgrohe78Danny Van Poppel
31%
INEOS Grenadiers22Jonahan Castroviejo
31%
Groupama - FDJ38Lars Van Den Berg
31%
BORA - hansgrohe73Marco Haller
31%
Lidl - Trek83Mattias Skjelmose
31%
Soudal - Quick Step58Michael Mørkøv
31%
Movistar Team132Ruben Guerreiro
31%
Intermarché - Circus - Wanty113Rui Costa
31%
Alpecin-Deceuninck105Søren Kragh Andersen
31%
Uno-X Pro Cycling Team204Tobias Halland Johannessen
31%
Lidl - Trek84Alex Kirsch
29%
Lidl - Trek85Juan Pedro López
29%
Groupama - FDJ32Kevin Geniets
29%
Israel - Premier Tech155Krists Neilands
28%
Groupama - FDJ35Valentin Madouas
28%
INEOS Grenadiers23Omar Fraile
26%
EF Education-EasyPost43Alberto Bettiol
25%
INEOS Grenadiers28Ben Turner
25%
Astana Qazaqstan Team192Cees Bol
25%
Team Jayco AlUla166Christopher Juul-Jensen
25%
EF Education-EasyPost47James Shaw
25%
TotalEnergies217Daniel Oss
24%
Intermarché - Circus - Wanty116Dion Smith
24%
Bahrain - Victorious66Jack Haig
24%
Alpecin-Deceuninck102Silvan Dillier
24%
Soudal - Quick Step57Yves Lampaert
24%
Cofidis126Anthony Perez
22%
Cofidis122Bryan Coquard
22%
TotalEnergies212Edvald Boasson Hagen
22%
Bahrain - Victorious69Fred Wright
22%
Lidl - Trek88Jasper Stuyven
22%
Astana Qazaqstan Team197Luis León Sánchez
22%
Alpecin-Deceuninck103Michael Gogl
22%
Astana Qazaqstan Team193David De La Cruz
21%
Astana Qazaqstan Team196Gianni Moscon
21%
Lotto Dstny187Maxim Van Gils
21%
Intermarché - Circus - Wanty117Mike Teunissen
21%
Soudal - Quick Step53Rémi Cavagna
21%
AG2R Citroën Team93Benoît Cosnefroy
19%
Team dsm - firmenich146Christopher Hamilton
19%
Team Arkéa Samsic173Clément Champoussin
19%
EF Education-EasyPost44Esteban Chaves
19%
Israel - Premier Tech154Hugo Houle
19%
Uno-X Pro Cycling Team202Jonas Abrahamsen
19%
Uno-X Pro Cycling Team208Jonas Gregaard
19%
Team Jayco AlUla167Luka Mezgec
19%
AG2R Citroën Team98Nans Peters
19%
Movistar Team137Nelson Oliviera
19%
Groupama - FDJ36Quentin Pacher
19%
Lidl - Trek82Tony Gallopin
19%
Lotto Dstny182Victor Campenaerts
19%
Movistar Team133Alex Aranburu
18%
Uno-X Pro Cycling Team203Anthon Charmig
18%
AG2R Citroën Team97Aurélien Paret-Peintre
18%
Soudal - Quick Step55Dries Devenyns
18%
Intermarché - Circus - Wanty112Lilian Calmejane
18%
TotalEnergies213Mathieu Burgaudeau
18%
Groupama - FDJ34Oliver Le Gac
18%
AG2R Citroën Team94Stan Dewulf
18%
Soudal - Quick Step54Tim Declercq
18%
Uno-X Pro Cycling Team206Torstein Træen
18%
Astana Qazaqstan Team194Yevgeniy Fedorov
18%
TotalEnergies218Anthony Turgis
16%
Team Jayco AlUla165Chris Harper
16%
AG2R Citroën Team92Clément Berthet
16%
Israel - Premier Tech158Dylan Teuns
16%
Team Arkéa Samsic177Lucca Mozzato
16%
AG2R Citroën Team96Oliver Naesen
16%
Israel - Premier Tech152Guillaume Boivin
15%
Astana Qazaqstan Team198Harold Tejada
15%
Alpecin-Deceuninck107Jonas Rickaert
15%
Team dsm - firmenich143Matthew Dinham
15%
Alpecin-Deceuninck108Ramon Sinkeldam
15%
Uno-X Pro Cycling Team205Rasmus Tiller
15%
Movistar Team138Antonio Pedero
13%
Cofidis128Axel Zingle
13%
Team Jayco AlUla162Lawson Craddock
13%
Lotto Dstny184Pascal Eenkhoorn
13%
Alpecin-Deceuninck104Quinten Hermans
13%
Israel - Premier Tech153Simon Clarke
13%
Uno-X Pro Cycling Team207Søren Wærenskjold
13%
Intermarché - Circus - Wanty115Adrien Petit
12%
Team dsm - firmenich144Alexander Edmonson
12%
Cofidis127Alexis Renard
12%
Israel - Premier Tech157Corbin Strong
12%
Lotto Dstny185Frederik Frison
12%
Lotto Dstny183Jasper De Buyst
12%
Team Arkéa Samsic172Jenthe Biermans
12%
Israel - Premier Tech156Nickolas Schultz
12%
TotalEnergies216Pierre Latour
12%
Team dsm - firmenich148Sam Welsford
12%
Team dsm - firmenich145Nils Eekhoff
10%
TotalEnergies214Steff Cras
10%
Team Jayco AlUla168Elmar Reinders
9%
Team Jayco AlUla163Luke Durbridge
9%
Lotto Dstny188Florian Vermeersch
7%
Team Arkéa Samsic175Simon Guglielmi
7%
Team Arkéa Samsic174Anthony Delaplace
6%
Team dsm - firmenich147Kevin Vermaerke
6%
TotalEnergies215Valentin Ferron
6%
Lotto Dstny186Jacopo Guarnieri
4%
Team Arkéa Samsic178Laurent Pichon
1%
Team Arkéa Samsic176Matis Louvel
1%

Verteilung der Resultate

Perzentil nach korrekt beantworteten Fragen

Anzahl Personen mit jedem Resultat

Ihre Resultats-Entwicklung

Sie haben dieses Quiz noch nicht gespielt